Catálogo

Religiosidad y política en México / (Registro nro. 24087)

Detalles MARC
000 -LEADER
fixed length control field 01368cam a2200349 i 4500
001 - CONTROL NUMBER
control field 24087
003 - CONTROL NUMBER IDENTIFIER
control field Mx-PuUPA
005 - DATE AND TIME OF LATEST TRANSACTION
control field 20250429111900.0
008 - FIXED-LENGTH DATA ELEMENTS--GENERAL INFORMATION
fixed length control field 140415s1992 mx gr 001 0 spa d
040 ## - CATALOGING SOURCE
Original cataloging agency Mx-PuUPA
Language of cataloging spa
Transcribing agency Mx-PuUPA
Modifying agency Mx-PuUPA
Description conventions rda
041 0# - LANGUAGE CODE
Language code of text/sound track or separate title spa
043 ## - GEOGRAPHIC AREA CODE
Geographic area code n-mx---
245 10 - TITLE STATEMENT
Title Religiosidad y política en México /
Remainder of title
Statement of responsibility, etc. Carlos Martínez Assad, coordinador ; James V. Spickard, Otto Maduro, Martha Eugenia García Ugarte [y otros 12], autores
264 #1 - PRODUCTION, PUBLICATION, DISTRIBUTION, MANUFACTURE, AND COPYRIGHT NOTICE
Place of production, publication, distribution, manufacture México, D.F. :
Name of producer, publisher, distributor, manufacturer Universidad Iberoamericana,
Date of production, publication, distribution, manufacture, or copyright notice 1992
300 ## - PHYSICAL DESCRIPTION
Extent 375 páginas ;
Dimensions 21 cm
336 ## - CONTENT TYPE
Fuente rdacontent
Content type term texto
Content type code txt
337 ## - MEDIA TYPE
Source rdamedia
Media type term sin medio
Media type code n
338 ## - CARRIER TYPE
Source rdacarrier
Carrier type term volumen
Carrier type code nc
490 0# - SERIES STATEMENT
Series statement Cuadernos de cultura y religión ;
Volume/sequential designation 2
650 #7 - SUBJECT ADDED ENTRY--TOPICAL TERM
Source of heading or term armarc
Topical term or geographic name entry element Cristianismo y política
Geographic subdivision México
General subdivision Congresos
650 #7 - SUBJECT ADDED ENTRY--TOPICAL TERM
Source of heading or term armarc
Topical term or geographic name entry element Secularismo
Geographic subdivision México
General subdivision Congresos
650 #7 - SUBJECT ADDED ENTRY--TOPICAL TERM
Source of heading or term armarc
Topical term or geographic name entry element Teología de la liberación
General subdivision Congresos
651 ## - SUBJECT ADDED ENTRY--GEOGRAPHIC NAME
Geographic name México
General subdivision Vida religiosa y costumbres
-- Congresos
700 1# - ADDED ENTRY--PERSONAL NAME
Personal name Martínez Assad, Carlos,
Relator term coordinador
700 1# - ADDED ENTRY--PERSONAL NAME
Personal name Spickard, James V.,
Relator term autor
700 1# - ADDED ENTRY--PERSONAL NAME
Personal name Maduro, Otto,
Relator term autor
700 1# - ADDED ENTRY--PERSONAL NAME
Personal name García Ugarte, Marta Eugenia,
Relator term autor
942 ## - ADDED ENTRY ELEMENTS (KOHA)
Source of classification or shelving scheme Dewey Decimal Classification
Koha item type Libro
Classification part 261.70972
Item part R8
Existencias
Withdrawn status Lost status Source of classification or shelving scheme Damaged status Not for loan Collection code Home library Current library Shelving location Date acquired Source of acquisition Cost, normal purchase price Total Checkouts Full call number Barcode Date last seen Cost, replacement price Price effective from Koha item type
    Dewey Decimal Classification     General Biblioteca Karol Wojtyla Biblioteca Karol Wojtyla Sala general 25/10/2024 Donación 0.00   261.70972 R38 1992 60013 05/01/2026 0.00 03/12/2013 Libro